| 000 -LEADER |
| fixed length control field |
00458nam a2200169Ia 4500 |
| 003 - CONTROL NUMBER IDENTIFIER |
| control field |
OSt |
| 005 - DATE AND TIME OF LATEST TRANSACTION |
| control field |
20250523141933.0 |
| 008 - FIXED-LENGTH DATA ELEMENTS--GENERAL INFORMATION |
| fixed length control field |
250310s9999||||xx |||||||||||||| ||und|| |
| 040 ## - CATALOGING SOURCE |
| Transcribing agency |
. |
| 082 ## - DEWEY DECIMAL CLASSIFICATION NUMBER |
| Classification number |
821.7 |
| Item number |
W925 |
| 100 ## - MAIN ENTRY--PERSONAL NAME |
| 9 (RLIN) |
5916 |
| Personal name |
Wordsworth, William |
| 245 #0 - TITLE STATEMENT |
| Title |
Selected poems of William Wordsworth / |
| Statement of responsibility, etc. |
William Wordsworth |
| 260 ## - PUBLICATION, DISTRIBUTION, ETC. |
| Place of publication, distribution, etc. |
London : |
| Name of publisher, distributor, etc. |
Oxford university press, |
| Date of publication, distribution, etc. |
1913. |
| 300 ## - PHYSICAL DESCRIPTION |
| Extent |
516 p. |
| 650 #0 - SUBJECT ADDED ENTRY--TOPICAL TERM |
| 9 (RLIN) |
5738 |
| Topical term or geographic name entry element |
English poetry |
| 942 ## - ADDED ENTRY ELEMENTS (KOHA) |
| Koha item type |
Books |
| Source of classification or shelving scheme |
|